ZHFE kryptosystém
Enregistré dans:
| Auteur principal: | |
|---|---|
| Autres auteurs: | |
| Format: | Manuscrit Livre |
| Langue: | slovaque |
| Publié: |
2017
|
| Sujets: | |
| Accès en ligne: | http://is.stuba.sk/zp/portal_zp.pl?podrobnosti=127378 |
| Tags: |
Pas de tags, Soyez le premier à ajouter un tag!
|
MARC
| LEADER | 00000ntm a22000003a 4500 | ||
|---|---|---|---|
| 001 | stuzp60444 | ||
| 003 | SK-STU | ||
| 005 | 20170627125726.8 | ||
| 007 | ta | ||
| 008 | 150427s2015----xo-----f-mn---000-0-slo-d | ||
| 040 | |a STU |b slo | ||
| 041 | 0 | |a slo | |
| 044 | |a xo | ||
| 100 | 1 | |a Halušková, Martina |u 035000 |4 aut |U FEI Fakulta elektrotechniky a informatiky |T FEI Ústav informatiky a matematiky |X 53961 |U E050 |Y 816 |7 53961 | |
| 242 | 0 | 1 | |a ZHFE cryptosystem |y eng |
| 245 | 1 | 0 | |a ZHFE kryptosystém |
| 260 | |c 2017 | ||
| 300 | |a 45 s., príl., |b CD-ROM | ||
| 650 | 4 | |a kryptosystém ZHFE |2 slo | |
| 650 | 4 | |a trapdoor HFE |2 slo | |
| 650 | 4 | |a postkvantová kryptografia |2 slo | |
| 650 | 4 | |a MQ-kryptosystémy |2 slo | |
| 650 | 4 | |a ZHFE cryptosystem |2 eng | |
| 650 | 4 | |a MQ cryptography |2 eng | |
| 650 | 4 | |a trapdoor HFE |2 eng | |
| 650 | 4 | |a Post-quantum cryptography |2 eng | |
| 700 | 1 | |a Hromada, Viliam |u 035000 |k Z1 |4 ths |U FEI Fakulta elektrotechniky a informatiky |T FEI Ústav informatiky a matematiky |X 36029 |U E050 |Y 816 |7 A000036029 | |
| 856 | 4 | |u http://is.stuba.sk/zp/portal_zp.pl?podrobnosti=127378 | |
| 996 | |b 284EP11651 |c E*DIPL- 11651 |l EE35 |s P |a 0 |w stuzp60444_0001 | ||